[Event "Bad Woerishofen op 17th"]
[Site "Bad Woerishofen"]
[Date "2001.??.??"]
[Round "2"]
[White "Schwab, Rolf"]
[Black "Antoniacci, Ricardo"]
[Result "1/2-1/2"]
[WhiteElo "1800"]
[BlackElo "2052"]
[PlyCount "129"]
[EventDate "2001.03.15"]
[EventType "swiss"]
[EventRounds "9"]
[EventCountry "GER"]
[SourceTitle "CBM 081 Extra"]
[Source "ChessBase"]
[SourceDate "2001.05.06"]
[SourceVersion "1"]
[SourceVersionDate "2001.05.06"]
[SourceQuality "1"]

1. e4 c5 2. Nc3 Nc6 3. d3 g6 4. h4 h5 5. Bg5 Bg7 6. Rb1 Nf6 7. Nh3 Nd4 8. f3 b5 9. a3 a5 10. Ne2 Ne6 11. Be3 d5 12. e5 Ng8 13. f4 d4 14. Bf2 Nh6 15. b4 axb4 16. axb4 cxb4 17. Rxb4 Qa5 18. Qd2 Nf5 19. Rb1 Bb7 20. Qxa5 Rxa5 21. Ng5 0-0 22. Nxe6 fxe6 23. Rg1 Rc8 24. Kd2 Ra2 25. Rc1 b4 26. Bxd4 b3 27. Bc3 Nxh4 28. Nd4 Bd5 29. g3 Nf5 30. Nxf5 exf5 31. Bg2 Bf7 32. d4 e6 33. Kd3 b2 34. Bxb2 Rxb2 35. c4 Rb3+ 36. Rc3 Rxc3+ 37. Kxc3 Bf8 38. Rd1 Be7 39. Kd3 Kf8 40. d5 exd5 41. cxd5 Bc5 42. Rc1 Ke7 43. d6+ Kd8 44. Bb7 Rb8 45. Ba6 Bb6 46. Rc6 Bd5 47. Rc1 Ra8 48. Bc4 Rc8 49. Bxd5 Rxc1 50. Kd2 Rc5 51. Bf7 Ba5+ 52. Ke3 Kd7 53. Bxg6 Ke6 54. Bxh5 Rc3+ 55. Kf2 Bb6+ 56. Kg2 Rc2+ 57. Kh3 Bg1 58. g4 Rc3+ 59. Kh4 Bb6 60. gxf5+ Kxf5 61. Bg4+ Kxf4 62. e6 Bc5 63. e7 Re3 64. Bd7 Re1 65. e8Q 1/2-1/2